Calum Scott - you are the reason lyrics - Statistics

General Stats
  • This quiz has been taken 41 times
  • The average score is 193 of 216
Answer Stats
Answer % Correct
A
100%
And
100%
Are
100%
I
100%
Reason
100%
The
100%
You
100%
Be
97%
Broken
97%
Cause
97%
Every
97%
I'd
97%
I've
97%
Just
97%
My
97%
Need
97%
Oh
97%
To
97%
What
97%
With
97%
Back
94%
Climb
94%
Fix
94%
I'm
94%
Mountain
94%
No
94%
Ocean
94%
See
94%
Swim
94%
That
94%
Heart
91%
If
91%
Now
91%
There
91%
Goes
89%
Beating
86%
Still
86%
Clock
83%
Dark
83%
Day
83%
Breathing
80%
Come
80%
Could
80%
Hour
80%
Keeping
80%
Make
80%
Of
80%
Hopeless
77%
Please
77%
Turn
77%
Losing
74%
Safe
74%
Sure
74%
Keeps
71%
Mind
71%
Me
69%
Racing
69%
Shaking
69%
Spend
69%
Don't
66%
Hands
66%
Light
66%
Hold
63%
Sleep
63%
Wanna
63%
Bleeding
54%
Defeated
54%
Little
51%
Closer
46%
Cry
46%
Tonight
46%
More
40%
Fight
34%
Hide
20%
No matching quizzes found
Score Distribution
Percent of People with Each Score
Percentile by Number Answered
Your Score History
You have not taken this quiz